Ovlivňování lidí v řídicím procesu /

Enregistré dans:
Détails bibliographiques
Auteur principal: Průša, Jan (Auteur)
Format: Livre
Langue:tchèque
Publié: Praha : Svoboda, 1981
Sujets:
Tags: Ajouter un tag
Pas de tags, Soyez le premier à ajouter un tag!

MARC

LEADER 00000nam a22000003a 4500
001 stu41046
005 20150617225659.7
008 930623s1981----cs------------------cze-d
040 |a STU  |b slo 
041 0 |a cze 
044 |a cs 
080 |a 65.012.4 
100 1 |a Průša, Jan  |4 aut 
245 1 |a Ovlivňování lidí v řídicím procesu /  |c [aut.]Jan Průša 
260 |a Praha :  |b Svoboda,  |c 1981 
300 |a 386 s 
650 7 |a management podnikový  |2 stusub 
996 |b 284M011609  |c M*6382-1  |l MMKN  |s A  |a 24  |w stu41046_0001